<?xml version="1.0" encoding="UTF-8"?>
<record
    xmlns:xsi="http://www.w3.org/2001/XMLSchema-instance"
    xsi:schemaLocation="http://www.loc.gov/MARC21/slim http://www.loc.gov/standards/marcxml/schema/MARC21slim.xsd"
    xmlns="http://www.loc.gov/MARC21/slim">

  <leader>00208nam a22000857a 4500</leader>
  <controlfield tag="003">SGT</controlfield>
  <datafield tag="245" ind1=" " ind2=" ">
    <subfield code="a">THE JOURNAL OF OBST &amp; GYNEACOLOGY OF INDIA </subfield>
  </datafield>
  <datafield tag="260" ind1=" " ind2=" ">
    <subfield code="a">INDIA </subfield>
    <subfield code="b">SPRINGER </subfield>
    <subfield code="c">2015,2016 TO 2021</subfield>
  </datafield>
  <datafield tag="942" ind1=" " ind2=" ">
    <subfield code="2">ddc</subfield>
    <subfield code="c">BV</subfield>
  </datafield>
  <datafield tag="952" ind1=" " ind2=" ">
    <subfield code="0">0</subfield>
    <subfield code="1">0</subfield>
    <subfield code="2">ddc</subfield>
    <subfield code="4">0</subfield>
    <subfield code="7">1</subfield>
    <subfield code="8">MEDICAL</subfield>
    <subfield code="a">FM</subfield>
    <subfield code="b">FM</subfield>
    <subfield code="d">2023-07-22</subfield>
    <subfield code="h">VOL-65, 2015</subfield>
    <subfield code="i">SGTU</subfield>
    <subfield code="p">PM1495</subfield>
    <subfield code="r">2023-07-22 00:00:00</subfield>
    <subfield code="w">2023-07-22</subfield>
    <subfield code="y">BV</subfield>
  </datafield>
  <datafield tag="952" ind1=" " ind2=" ">
    <subfield code="0">0</subfield>
    <subfield code="1">0</subfield>
    <subfield code="2">ddc</subfield>
    <subfield code="4">0</subfield>
    <subfield code="7">1</subfield>
    <subfield code="8">MEDICAL</subfield>
    <subfield code="a">FM</subfield>
    <subfield code="b">FM</subfield>
    <subfield code="d">2023-07-22</subfield>
    <subfield code="h">VOL-67, 2017</subfield>
    <subfield code="i">SGTU</subfield>
    <subfield code="p">PM1496</subfield>
    <subfield code="r">2023-07-22 00:00:00</subfield>
    <subfield code="w">2023-07-22</subfield>
    <subfield code="y">BV</subfield>
  </datafield>
  <datafield tag="952" ind1=" " ind2=" ">
    <subfield code="0">0</subfield>
    <subfield code="1">0</subfield>
    <subfield code="2">ddc</subfield>
    <subfield code="4">0</subfield>
    <subfield code="7">1</subfield>
    <subfield code="8">MEDICAL</subfield>
    <subfield code="a">FM</subfield>
    <subfield code="b">FM</subfield>
    <subfield code="d">2023-07-22</subfield>
    <subfield code="h">VOL-68, 2018</subfield>
    <subfield code="i">SGTU</subfield>
    <subfield code="p">PM1497</subfield>
    <subfield code="r">2023-07-22 00:00:00</subfield>
    <subfield code="w">2023-07-22</subfield>
    <subfield code="y">BV</subfield>
  </datafield>
  <datafield tag="952" ind1=" " ind2=" ">
    <subfield code="0">0</subfield>
    <subfield code="1">0</subfield>
    <subfield code="2">ddc</subfield>
    <subfield code="4">0</subfield>
    <subfield code="7">1</subfield>
    <subfield code="8">MEDICAL</subfield>
    <subfield code="a">FM</subfield>
    <subfield code="b">FM</subfield>
    <subfield code="d">2023-07-22</subfield>
    <subfield code="h">VOL-70, 2020</subfield>
    <subfield code="i">SGTU</subfield>
    <subfield code="p">PM1498</subfield>
    <subfield code="r">2023-07-22 00:00:00</subfield>
    <subfield code="w">2023-07-22</subfield>
    <subfield code="y">BV</subfield>
  </datafield>
  <datafield tag="952" ind1=" " ind2=" ">
    <subfield code="0">0</subfield>
    <subfield code="1">0</subfield>
    <subfield code="2">ddc</subfield>
    <subfield code="4">0</subfield>
    <subfield code="7">1</subfield>
    <subfield code="8">MEDICAL</subfield>
    <subfield code="a">FM</subfield>
    <subfield code="b">FM</subfield>
    <subfield code="d">2023-07-22</subfield>
    <subfield code="h">VOL-71, 2021</subfield>
    <subfield code="i">SGTU</subfield>
    <subfield code="p">PM1499</subfield>
    <subfield code="r">2023-07-22 00:00:00</subfield>
    <subfield code="w">2023-07-22</subfield>
    <subfield code="y">BV</subfield>
  </datafield>
  <datafield tag="999" ind1=" " ind2=" ">
    <subfield code="c">24399</subfield>
    <subfield code="d">24399</subfield>
  </datafield>
</record>
